000 00287nam a22001217a 4500
008 160426b xxu||||| |||| 00| 0 eng d
020 _a9780131709829
020 _a0131709829
041 _aeng
080 _a618.2
245 _aKommunity health nursing;
_cMary Jo Clark;
942 _2udc
_cBK
999 _c1585
_d1585